000 00614nam a2200217 u 4500
005 20240706063901.0
008 100623s2007 mx r 000 0 spa d
020 _a9789708103558
035 _aUPN01000176908
049 _aCG
050 4 _aPQ4873 A4.7
_bA4.3
100 1 _aManfredi, Valerio Massimo
245 1 0 _aAléxandros /
_cValerio Massimo Manfredi.
260 _aMéxico :
_bMontena,
_c2007.
300 _a642 p. :
_bmapas
440 0 _aInfinita
534 _pTítulo original:
_tIl romanzo di Alessandro
650 4 _aLiteratura italiana
_95068
650 0 _aNovela italiana
_95076
905 _aLibro
999 _c149011
_d149011